<?xml version="1.0" encoding="UTF-8"?><?xml-stylesheet type="text/xsl" href="static/style.xsl"?><OAI-PMH xmlns="http://www.openarchives.org/OAI/2.0/" xmlns:xsi="http://www.w3.org/2001/XMLSchema-instance" xsi:schemaLocation="http://www.openarchives.org/OAI/2.0/ http://www.openarchives.org/OAI/2.0/OAI-PMH.xsd"><responseDate>2026-06-01T19:52:47Z</responseDate><request verb="GetRecord" identifier="oai:riuma.uma.es:10630/10090" metadataPrefix="marc">https://riuma.uma.es/rest/oai/request</request><GetRecord><record><header><identifier>oai:riuma.uma.es:10630/10090</identifier><datestamp>2026-02-03T11:53:30Z</datestamp><setSpec>com_10630_2254</setSpec><setSpec>col_10630_37959</setSpec></header><metadata><record xmlns="http://www.loc.gov/MARC21/slim" xmlns:dcterms="http://purl.org/dc/terms/" xmlns:doc="http://www.lyncode.com/xoai" xmlns:xsi="http://www.w3.org/2001/XMLSchema-instance" xsi:schemaLocation="http://www.loc.gov/MARC21/slim http://www.loc.gov/standards/marcxml/schema/MARC21slim.xsd">
   <leader>00925njm 22002777a 4500</leader>
   <datafield ind2=" " ind1=" " tag="042">
      <subfield code="a">dc</subfield>
   </datafield>
   <datafield ind2=" " ind1=" " tag="720">
      <subfield code="a">Pastor-García, María Inmaculada</subfield>
      <subfield code="e">author</subfield>
   </datafield>
   <datafield ind2=" " ind1=" " tag="720">
      <subfield code="a">López-Toro, Alberto Antonio</subfield>
      <subfield code="e">author</subfield>
   </datafield>
   <datafield ind2=" " ind1=" " tag="260">
      <subfield code="c">2015-07-14</subfield>
   </datafield>
   <datafield ind2=" " ind1=" " tag="520">
      <subfield code="a">Este trabajo forma parte de un proyecto de investigación más amplio que tiene entre sus objetivos prioritarios evaluar el impacto de la Educación para el Desarrollo (ED) en el ámbito educativo formal. Dicha investigación se centra en evaluar la ED sirviéndose de la evaluación de la Competencia Básica Social y Ciudadana (CBSC), comprobando que los contenidos de la ED coinciden en gran parte con los contenidos de la CBSC, presentes en el ámbito educativo formal, y además se encuentran en la prueba de evaluación de diagnóstico que se lleva a cabo en Andalucía para dicha competencia. Nos proponemos en este trabajo, comprobar que dicha prueba de evaluación de diagnóstico (PED) sigue los criterios de expertos en la evaluación de competencias,  en concreto en la evaluación de la CBSC.</subfield>
   </datafield>
   <datafield ind1="8" ind2=" " tag="024">
      <subfield code="a">http://hdl.handle.net/10630/10090</subfield>
   </datafield>
   <datafield tag="653" ind2=" " ind1=" ">
      <subfield code="a">Educación cívica</subfield>
   </datafield>
   <datafield ind2="0" ind1="0" tag="245">
      <subfield code="a">La prueba de evaluación de diagnóstico de la competencia social y ciudadana. El caso de Andalucía</subfield>
   </datafield>
</record>
</metadata></record></GetRecord></OAI-PMH>